Statistics for Los Interrogativos?

Click here to take the quiz!

General Stats

  • This quiz has been taken 39 times
  • The average score is 12 of 13

Answer Stats

MeaningSpanish Word% Correct
How Many? (Singular, Male)Cuanto?
100%
Where?Donde?
100%
How?Como?
93%
When?Cuando?
93%
How Many? (Singular, Female)Cuanta?
93%
Why?Por que?
93%
What?Que?
93%
Who?Quien?
93%
How Many? (Plural, Female)Cuantas?
86%
How Many? (Plural, Male)Cuantos?
86%
Who? (Plural)Quienes?
86%
Which One?Cual?
79%
Which Ones?Cuales?
71%

Score Distribution

Percentile by Number Answered

Percent of People with Each Score

Your Score History

You have not taken this quiz